00259nam a2200109Ia 4500008004100000041001200041082001100053100002100064245005200085260000600137650000600143221030s9999 xx 000 0 und d aEnglish a105.23 aP. Radhakrishnan 0aComputer Graphics & Designcby P. Radhakrishnan c0 aB